000 00347nam a2200157Ia 4500
008 210210b xxu||||| |||| 00| 0 eng d
041 _aeng
082 _a874/3
100 _a-
245 _aPalathum palathum ashwasikenda
260 _a
_b-
_c
650 _aPalathum
650 _aashwasikenda
690 _aMalayalam Criticism
906 _a002598
999 _c124568
_d124568